Countries which start with same letter as its capital - Statistics

General Stats
  • This quiz has been taken 740 times
    645 since last reset
  • The average score is 18 of 30
Answer Stats
Answer % Correct
Brazil (Brasilia)
83%
Mexico (Mexico city)
83%
Vatican City (Vatican City)
80%
Andorra (Andorra la Vella)
78%
Algeria (Algiers)
76%
Monaco (Monaco)
74%
Belgium (Brussels)
72%
Panama (Panama city)
72%
Sweden (Stockholm)
72%
Luxembourg (Luxembourg city)
71%
Tunisia (Tunis)
70%
San Marino (San Marino)
69%
Guatemala (Guatemala city)
68%
Singapore (Singapore)
65%
Kuwait (Kuwait city)
63%
South-Korea (Seoul)
61%
Djibouti (Djibouti)
60%
Belize (Belmopan)
54%
Brunei (Bandar Seri Begawan)
53%
Niger (Niamey)
49%
Maldives (Male)
48%
Taiwan (Taipei)
48%
Guyana (Georgetown)
47%
Sao Tome and Principe (Sao Tome)
47%
Mozambique (Maputo)
46%
Sri Lanka (Sri Jayawardenapura Kotte)
45%
Barbados (Bridgetown)
44%
Burundi (Bujumbura)
34%
Papua New Guinea (Port Moresby)
34%
Marshall Islands (Majuro)
32%
No matching quizzes found
Score Distribution
Percent of People with Each Score
Percentile by Number Answered
Your Score History
You have not taken this quiz since the last reset